000 01220nam a2200325Ia 4500
001 ebr10590548
003 CaPaEBR
006 m u
007 cr cn|||||||||
008 120420s2012 ne sb 001 0 eng d
010 _z 2012015414
020 _z9789004228474 (hbk. : alk. paper)
020 _z9789004228481 (e-book)
040 _aCaPaEBR
_cCaPaEBR
035 _a(OCoLC)808490569
050 1 4 _aBF443
_b.B58 2012eb
082 0 4 _a153.2/3
_223
100 1 _aBlunden, Andy.
245 1 0 _aConcepts
_h[electronic resource] :
_ba critical approach /
_cby Andy Blunden.
260 _aLeiden ;
_aBoston :
_bBrill,
_c2012.
300 _aviii, 308 p.
490 0 _aStudies in critical social sciences ;
_vv. 44
504 _aIncludes bibliographical references and index.
533 _aElectronic reproduction.
_bPalo Alto, Calif. :
_cebrary,
_d2011.
_nAvailable via World Wide Web.
_nAccess may be limited to ebrary affiliated libraries.
650 0 _aConcepts.
650 0 _aKnowledge, Theory of.
655 7 _aElectronic books.
_2local
710 2 _aebrary, Inc.
856 4 0 _uhttp://site.ebrary.com/lib/rucke/Doc?id=10590548
_zAn electronic book accessible through the World Wide Web; click to view
999 _c105256
_d105256